000 01078cam a22003014a 4500
001 17133517
005 20170105102841.0
008 120125s2013 nyu b 001 0 eng
010 _a 2012001396
020 _a9780415698177 (hbk.)
020 _a9780203113646 (ebook)
040 _aDLC
_cDLC
_dDLC
042 _apcc
050 0 0 _aJZ5625
_b.A77 2013
082 0 0 _a327.1/74
_223
245 0 0 _aArms control in the 21st century :
_bbetween coercion and cooperation /
_cedited by Christopher Daase and Oliver Meier.
260 _aNew York :
_bRoutledge,
_c2013.
300 _axi, 247 p. ;
_c24 cm.
490 0 _aRoutledge global security studies
504 _aIncludes bibliographical references and index.
650 0 _aArms control
_xHistory
_y21st century.
650 0 _aSecurity, International
_xHistory
_y21st century.
700 1 _aDaase, Christopher.
700 1 _aMeier, Oliver.
906 _a7
_bcbc
_corignew
_d1
_eecip
_f20
_gy-gencatlg
942 _2ddc
_cBK
999 _c13865
_d13865